000
00309nam a2200109Ia 4500
008
200302s9999 xx 000 0 und d
100
_a
Ljiljana Blagojevic
245
_a
Modernism In Serbia - The Elusive margins of Bel Grade Architecture 1919-1941
260
_b
The MIT Press
260
_c
2003
300
_a
286 P
999
_c
4773
_d
4773